1763 1244 1112 1356 1543 1008 1892 1036 1609 1184 1360 1079 1964 1146 1625 1925 1492 1291 1018 1557 1658 1970 1429 1812 1742 1133 1792 1802 1816 1448 1218 1828 1543 1314 1767 1121 1436 1974 1096 1904 1782 1941 1250 1328 1691 1506 1149 1620 1453 1252 1805 1644 1464 1106 1403 1400 1047 1758 1082 1363 1862 1683 1203 1703 1236 1877 1328 1282 1138 1353 1399 1726 1093 1745 1569 1950 1978 1442 1936 1838 1098 1213 1234 1218 1886 1915 1325 1732 1123 1595 1585 1123 1177 1743 1711 1284 1294 1236 1995 BCNSPRNW ULIB Ver.6.0+V

เปลี่ยนเป็นภาษาไทย

Change to English
 แสดงรายละเอียดบรรณานุกรม
  กลับหน้าหลัก

Brief Record : Get Marc (ISO 2709) : E-mail record : QR code < ปิดหน้าต่าง
LEADER : 00000nam 2200000uu 4500
001    13399125938
003     ULIB
008    171120s2557||||th 000 0 tha d
020    ^a9789990099713
050  0 ^aLB2831.8^bจ343ก
100 0   ^aจิติมา วรรณศรี
245  1  ^aการบริหารงานวิชาการในสถานศึกษา /^cจิติมา วรรณศรี.
260    ^aพิษณุโลก : ^bรัตนสุวรรณการพิมพ์ 3 , ^c2557.
300    ^a160 หน้า : ^bภาพประกอบ ; ^c25 ซม.
650    4^aโรงเรียน^xการบริหาร.
650  4 ^aการนิเทศการศึกษา.
650  4 ^aการบริหารงานวิชาการ.
650  4 ^aหลักสูตร^xการบริหาร.
945    ^p190^l0^i25689
999    ^aกัณชพร จุลอักษร
รายการนี้ยังไม่มีแท็ก
คุณยังไม่ได้ล็อกอิน คุณสามารถมีกิจกรรมร่วมกับเว็บไซต์ได้ แต่ต้องล็อกอินก่อน ::
  ล็อกอิน

รายการสื่อสารสนเทศ

ลำดับที่ ประเภท เลขเรียก/บาร์โค้ด สถานที่ สถานะ
1. วิทยาศาสตร์การแพทย์ และสุขภาพ
วิทยาศาสตร์การแพทย์ และสุขภาพ
LB2831.8 จ343ก ฉ.1 
  Barcode: 25689
ห้องสมุดวิทยาเขตนครสวรรค์
►หนังสือทั่วไป:l:General Books
บนชั้น

รายการใกล้เคียง
    ผู้แต่ง [จิติมา วรรณศรี]

    หัวเรื่อง [การนิเทศการศึกษา.]
    หัวเรื่อง [การบริหารงานวิชาการ.]

BibComment


ยังไม่เคยถูกคอมเมนท์

คอมเมนท์ทรัพยากรรายการนี้
  คอมเมนท์: การบริหารงานวิช..


 Copyright 2026. Bcnsprnw @Library